Educación especial : publicación bimestral de orientación e información /

Enregistré dans:
Détails bibliographiques
Autres auteurs: Lorenzana B., Humberto (dirección) (dirección)
Format: Livre
Langue:espagnol
Sujets:
Tags: Ajouter un tag
Pas de tags, Soyez le premier à ajouter un tag!

MARC

LEADER 00000nam^a2200000^a^4500
001 000136685
005 20250521000000.0
009 20260310095326.443
037 |a Acervo ITESO - Biblioteca 
041 |a ESP 
082 |a 371. 905  |b EDU V. 12 
240 1 1 |a [Educación especial] 
245 0 0 |a Educación especial :  |b publicación bimestral de orientación e información /  |c Dir. de H. Lorenzana B. 
264 |a México :  |b Dirección General de Educación Especial,  |c 1974 
300 |a 48 p. 
336 |a texto  |b txt  |2 rdacontenido 
337 |a sin mediación  |b n  |2 rdamedio 
338 |a volumen  |b nc  |2 rdasoporte 
649 |a XX 
650 |a Educación Especial -  |x Publicaciones Periódicas Mexicanas 
650 |a Discapacitados 
650 |a Rehabilitación 
650 |a Música -  |x Estudio y Enseñanza 
650 |a Personalidad 
650 |a Psicología Clínica 
650 |a Educación 
700 |a Lorenzana B., Humberto  |e (dirección) 
910 |a Fondo Salvador Reynoso Reynoso 
920 |a Impresos - Libros 
930 |a Fondos Especiales 
905 |a 112 
901 |a 0800013835  |b IT2  |c ESP  |u 20250521 
902 |a https://opac.biblio.iteso.mx/vufind/Record/000136685